Vista normal Vista MARC

Entrada Geographic Name

Número de registros utilizados en: 1

001 - CONTROL NUMBER

  • control field: 40904

003 - CONTROL NUMBER IDENTIFIER

  • control field: OSt

005 - DATE AND TIME OF LATEST TRANSACTION

  • control field: 20211004104509.0

008 - FIXED-LENGTH DATA ELEMENTS

  • fixed length control field: 211004|| aca||aabn | a|a d

040 ## - CATALOGING SOURCE

  • Original cataloging agency: OSt
  • Transcribing agency: OSt

151 ## - HEADING--GEOGRAPHIC NAME

  • Geographic subdivision: Colombia
  • Geographic name: Política económica

670 ## - SOURCE DATA FOUND

  • Source citation: Work cat.: (OSt)12530: Martínez Ortiz, Astrid, autor 28489, Hacia una politica industrial de una nueva generacion para colombia , 2011.